000 00665nam a2200205 a 4500
001 000012721
005 20240530073915.0
008 091116s1992 dr 000 f spa d
040 _aDO-SdBNP
_bspa
_cBNPHU
082 _aRD863.44
_bR457d
100 1 _aReyes, Freddy,
_d1936-
_9703
245 1 0 _aDetrás del bíombo /
_cFreddy Reyes.
260 _aSanto Domingo :
_bBúho,
_c1992.
300 _a296 p. ;
_c21 cm.
590 _aIncluye datos biográficos del autor en la solapa de la contracubierta.
590 _aInventariado, 2019/BT
650 0 _aNovela dominicana
_9223
650 0 _aLiteratura dominicana.
_967
910 _aValidado. Control de calidad MMOLINA
999 _c12372
_d12372